000 00634nam a22001697a 4500
020 _qHard Cover.
082 _a624.1
100 _aAyaz Janua, Muneeb
245 _aRisk management framework for projects undertaken by private developers in Pakistan /
_cMuneeb Ayaz Janua
260 _aIslamabad :
_bMCE - NUST,
_c2014.
300 _axv, 100 p. : ill. ;
_c30cm.
650 _aConstruction Engineering and Management-MS-Thesis
_917023
700 _aSupervisor: Dr. Shahid Iqbal
_920110
856 _u http://10.250.8.41:8080/xmlui/handle/123456789/41098
942 _2ddc
_cSC
999 _c540614
_d540614